| 000 | 00410nam a2200157 i 4500 | ||
|---|---|---|---|
| 001 | 27262 | ||
| 003 | ES-MaACL | ||
| 005 | 20230906153604.0 | ||
| 007 | t| | ||
| 008 | 030114s1922 mx ||||1| spa d | ||
| 100 | 1 |
_aAtl _cDr. ( _d1875-1964) _923760 |
|
| 245 | 1 | 4 |
_aLas artes populares en México / _cDr. Atl. |
| 260 |
_aMéxico : _bCultura, _c1922. |
||
| 300 |
_a2 v. ; _c31 cm. |
||
| 852 |
_aES-MaACL _jC-1836-7 |
||
| 999 |
_c27262 _d27262 |
||